000 00624nam a2200181Ia 4500
008 100920s9999 xx 000 0 und d
082 _b24142
_a891.43 थ 71
100 _aआचार्य रजनीश.
245 _aसत्य की पहली किरण.
260 _bजीवन जागृती केंद्र, प्रकाशन.
_c1971
300 _a176
_bसाधी
365 _b6
520 _aहिंदी.
630 _aसत्य की पहली किरण.
650 _aहिंदी.
730 _aसत्य की पहली किरण.
942 _cBOOK
999 _c682700
_d682697